000 00694nam a2200205Ia 4500
003 GCL
008 140319s9999 xx 000 0 ara d
040 _aGCL /
_cGCL
082 0 4 _a414.3
_bم ا
100 1 _aمحمد الامين الخضرى
245 1 0 _aالاعجاز البيانى فى صيغ الالفاظ دراسة تحليلية للافراد والجمع فى القران /
_cمحمد الامين الخضرى
300 _a255 ص
490 _a
650 0 4 _aاللغة العربية
650 0 4 _aالبلاغة العربية
650 0 4 _aالقران - بلاغة
650 0 4 _aالقران - اعجاز
650 0 4 _aالقران - الفاظ
942 _2ddc
_cBK
999 _c37675
_d37675